000 00714cam a2200241 a 4500
001 000017569
005 20200929165144.0
008 770923s1968 sp ac 000 p spa d
035 _a(DLC) 77481686
040 _aDO-SdBNP
_cDLC
_dDLC
082 _a861.6
_bA334m, 1968
100 1 _aAlberti, Rafael,
_d1902-1999.
_99163
245 1 0 _aMarinero en tierra /
_cRafael Alberti.
260 _aMadrid :
_bBiblioteca Nueva,
_c1968.
300 _a203 p. :
_bil., retrs ;
_c24 cm.
490 1 _aBiblioteca nueva
500 _aPoemas.
650 4 _aPoesía española
_9631
650 4 _aLiteratura española
_ySIGLO XX
_93326
830 0 _aBiblioteca nueva ;
_938335
910 _aCatalogación derivada
049 _aBNGR
999 _c17094
_d17094